| 000 | 00875nam a2200193 a 4500 | ||
|---|---|---|---|
| 003 | 0 | ||
| 005 | 20250515114516.0 | ||
| 008 | 970101s19uu xx 00 eng d | ||
| 050 |
_aPHS HQ 59.2 _b.B47 2004 |
||
| 100 | _aBernardo, Jan Carlo L. | ||
| 245 |
_aA Comparative study on the practice of safe sex among male and female freshmen students of De La Salle University College of Saint Benilde : _b2003-2004 / _cJan Carlo L. Bernardo. |
||
| 260 |
_aLas PiƱas City, Philippines : _bSouthville International School and Colleges, _c2004. |
||
| 300 |
_a46 pages : _billustrations ; _c28 cm. |
||
| 504 | _aIncludes bibliographical references. | ||
| 650 |
_aSafe sex in adolescence _zPhilippines _xCase studies. |
||
| 650 |
_aCollege students _xSexual behavior _zPhilippines _vComparative studies. |
||
| 650 |
_aSex instruction for college students _zPhilippines. |
||
| 942 |
_2lcc _cPASS |
||
| 999 |
_c97086 _d97086 |
||